Quizzes
Events
Quiz Creation
Community
Videos
Private Events
Remove Ads
Sign In
Join for FREE
Feedback
Dark Mode
Quiz Categories
Sports
Geography
Music
Movies
Television
Just For Fun
Miscellaneous
History
Literature
Language
Science
Gaming
Entertainment
Religion
Holiday
For Kids
Quiz Lab
Recent
Popular Today
Quiz Kudos Today
Editor Picks
Curator Picks
Quizzes by...
Day
Popularity
Type
Ratings
Length
Year
Community
Subscriptions
Recent Discussions
Orange Saloon
Badges
Playlists
Quests
Create
Leaderboards
Showdown
Live 5
Trivia Bingo
Activity
Puzzle Library
Sporcle Events
Private Events
Virtual Trivia
Globe League
Become a Host
Pub Owners
SporcleCon
Opinionation
Our Games
Videos
Blog
Mobile Apps
Partnerships
Remove Ads and Go Orange
Feedback
Movies
Disney
Marvel Cinematic Universe
Movie Resume
Movie Titles
Oscar
Actor
Actress
Director
Pixar
Role
Movie Quotes
Movie Characters
Box Office
Nominee
Best Picture
Star Wars
James Bond
Horror Movies
Movies
Disney
Marvel Cinematic Universe
Movie Resume
Movie Titles
Oscar
Actor
Actress
Director
Pixar
Role
Movie Quotes
Movie Characters
Box Office
Nominee
Best Picture
Star Wars
James Bond
Horror Movies
Random Quiz
Search Sporcle
×
Quiz Lab
Quiz Lab
Movies
Animal
Type in answers that appear in a list
Type in answers that appear in a list
Classic
Best Score? Go Orange.
Characters from Finding Nemo Stats
Can you name the Characters from Finding Nemo?
By
mtlynch13
10m
24 Questions
845 Plays
845 Plays
845 Plays
Comments
Comments
Give Quiz Kudos
Give Quiz Kudos
-
- Ratings
hide this ad
More Info
Random Order
Randomize order of answers
Randomize order of answers
Replay
Link that replays current quiz
Next Quiz
Link to next quiz in quiz playlist
You Got
0%
They Got
Avg Score
57%
Avg Friend Score
Upgrade to see
Score Distribution
Jump to the score distribution portion of the page
Score
0/24
Timer
10:00
0
Plays Today
Type of Animal/occupation
Character
% Correct
Clownfish
Nemo
92.1%
Clownfish
Marlin
86.4%
sea turtle
Crush
80%
great white shark
Bruce
78%
regal tang
Dory
74%
sea turtle
Squirt
72.1%
four-
striped damselfish's sister (shadow)
Flo
67.1%
brown pelican
Nigel
62.7%
starfish
Peach
61.4%
moorish idol
Gill
61.3%
yellow tang
Bubbles
59.3%
eagle ray
Mr. Ray
57.4%
Type of Animal/occupation
Character
% Correct
Clownfish
Coral
56.3%
puffer fish
Bloat
56%
Hammerhead shark
Anchor
52%
four-
striped damselfish
Deb
51.6%
Pacific cleaner shrimp
Jacques
51.5%
blue shark
Chum
49.9%
flapjack octopus
Pearl
43.2%
seahorse
Sheldon
37.6%
Dentist's niece
Darla Sherman
33.6%
royal gramma
Gurgle
31.5%
butterflyfish
Tad
28.4%
Dentist
Dr. Pablo Sherman
27.9%
Quiz Playlist
Details
Report
Send in Message
Add To Playlist
More Info:
There were so many others without names...like the talking crab. But do u know the ones with them.
Classic:
Type in answers that appear in a list
Random Order:
Randomize order of answers
Quiz Source
Last Updated: Feb 16, 2017
Quiz Scoreboard
CHALLENGE
Sign Up to Join the Scoreboard
Show All
Scores
Hide
Comments
May contain spoilers
Recently Published
An Introduction to Baseball
by treessimontrees
Sports
5m
Movies - When Are They Set?
by FPL_Elf
Movies
5m
Popular People in 1961
by mucciniale
History
6m
More to Explore
Quiz From the Vault
Featured Blog Post
Where Did the Easter Bunny Come From?
hide this ad
You Might Also Like...
Tags
Animal Quiz
Quote Quiz
Character
Finding Nemo
importance
nemo
occupation
Today's Top Quizzes in Movies
Browse Movies
hide this ad
Today's Top Quizzes in Animal
Browse Animal
Top Contributed Quizzes in Movies
1
Pick 5 Posters: Directed by Spielberg
2
Pick 5 Posters: Lowest-Rated Spielberg
3
Multi-Oscar Nominations, One Movie, One Winner
4
7-to-1: Pixar Characters
5
12 Movies about Fictional 1960s Events
6
One Thing in Common: Movies
7
Pick 5 Posters: Directed by Scorsese
8
Sunday Crossword: Film Score Composers
9
Pick 5 Posters: Star & Director
10
Sorting Actors
Explore More
Trending Topics
NBA
Kpop
Harry Potter
Anime
Crossword
Marvel
Disney
Country
Soccer
Song
WWE
Pokémon
NFL
The Office
Puzzle
hide this ad
More By:
mtlynch13
Quiz
Plays
Rating
Category
Featured
Created
things meatloaf WOULD do for love
49,998
3.57
Just For Fun
Mar 6, 2010
South Park Who Wants to be a Millionaire
11,940
2.46
Television
May 26, 2010
Countries by Alcohol Consumption (2000)
5,240
1.64
Geography
Jun 8, 2010
The Big bang Theory (By Actor)
4,353
4.14
Television
Jul 1, 2010
Rooster Teeth Employees
2,844
2.11
Entertainment
May 30, 2012
Go to Creator's Profile
Score Distribution
Quiz Creator Spotlight
mtlynch13
Follow
Send a Message
Quizzes Created
-
Created Quiz Play Count
-
More By This Creator
Popular Quizzes Today
1
Find the Countries of Europe - No Outlines Minefield
2
Find the US States - No Outlines Minefield
3
The Countries of the World
4
Popular People in 1961
5
US States
6
Find the US States
7
1-10 Letter E Words III
8
Risky Map Clicking: Biggest States A-Z
More Movies Quizzes
Movie Cast Match (1990)
Published
Trending Quizzes
Risky Map Clicking: Least Populous States A-Z
1-10 Letter F Words
1-10 Letter G Words
Not Quite an Element Typing Challenge
One Thing in Common: United Kingdom
Recently Updated
Leaping Animals
pecheneg
Reality TV Shows (A-Z)
bhenderson79
Rickey Henderson's Hall of Fame Teammates
pecheneg
Champions League XIs: Arsenal
pecheneg
Quick Pick: Celebrities in WWE's Hall of Fame
aduchscher
A-Z Keypad Blitz II
pecheneg
Multiple Oscar Actors
pecheneg
Mystery Phrase Blitz: Oscar 'Best Actors'
pecheneg
F. Scott Fitzgerald Novels
LTH
Pick 3 Villains
ddd62291
Trending Topics
Disney
Harry Potter
Crossword
Anime
NBA
Kpop
Marvel
Soccer
Pokémon
WWE
The Office
Country
Puzzle
NFL
Song
Your Account Isn't Verified!
In order to create a playlist on Sporcle, you need to verify the email address you used during registration. Go to your
Sporcle Settings
to finish the process.
Report this User
Report this user for behavior that violates our
Community Guidelines
.
Details:
Send Report
Go to the Sporcle.com Mobile Site →
Comments